Geography Quiz

Random Geography or Blitz Quiz

USA States by Any 2 Letters Blitz (no M) Quiz Stats

 Plays Quiz not verified by Sporcle

Score 0/50 Timer 00:30
0 Plays Today
% Correct
 South Carolina
99.5%
 Rhode Island
99.4%
West Virginia
99.4%
California
99.2%
North Carolina
99.2%
 Pennsylvania
99%
 Washington
98.9%
Florida
98.8%
North Dakota
98.8%
 Minnesota
98.6%
 New Hampshire
98.5%
 Connecticut
98.2%
 Vermont
98.1%
Louisiana
98%
 Colorado
97.8%
 Massachusetts
97.7%
 New York
97.7%
 South Dakota
97.6%
 Oregon
97.1%
 New Mexico
97%
 Nebraska
96.9%
Arizona
96.8%
Kentucky
96.8%
Nevada
96.7%
Georgia
96.1%
% Correct
 Wisconsin
95.6%
Tennessee
95.2%
 Texas
95%
 Illinois
95%
 Idaho
95%
 Oklahoma
95%
 Delaware
94.9%
 Michigan
94.9%
 Maine
94.2%
 New Jersey
94%
 Wyoming
94%
 Indiana
93.8%
 Missouri
93.8%
 Montana
93.6%
 Virginia
93.4%
 Maryland
93.1%
 Alaska
92.5%
 Arkansas
91.8%
Iowa
91.6%
 Hawaii
88.9%
Utah
88.7%
 Kansas
88.6%
 Alabama
88.1%
 Ohio
85.1%
 Mississippi
81.1%

You're not logged in!

Compare scores with friends on all Sporcle quizzes.
OR
Log In

You Might Also Like...

Show Comments

Extras

Top Quizzes Today


Score Distribution

Your Account Isn't Verified!

In order to create a playlist on Sporcle, you need to verify the email address you used during registration. Go to your Sporcle Settings to finish the process.

Report this User

Report this user for behavior that violates our Community Guidelines.

Details: